| 000 | 01367cam a22001934a 4500 | ||
|---|---|---|---|
| 005 | 20250605164028.0 | ||
| 008 | 250528s ||||||||||||||||||||||||d | ||
| 035 | _a16516 | ||
| 040 |
_aGR-AtMCL _bgre _dGR-AtMCL _eAACR2 |
||
| 245 | 1 | _aΤηλεπικοινωνίες και Η/Υ / Στοιχεία Hardware/ Assembly | |
| 250 | _a1η | ||
| 260 |
_bUniversity Studio Press, _c1990 |
||
| 300 | _a200 | ||
| 520 | _aΣυστήματα Αρίθμησης - Λογικά Κυκλώματα, Μικροεπεξεργαστές INTEL - 8080/ 8086/ 80286/ 80386/ 80486, Γλώσσα Μηχανής (Asswembly) - Παραδείγματα, Γραμμές Επικοινωνίας, Συσκευές Επικοινωνίας (Modem's - Πολυπέκτες κ.τ.λ.), Δίκτυα Επικοινωνίας, Μοντέλλο OSI, Δίκτυα LAN - Βιομηχανικά Τοπικά Δίκτυα, ISDN. Εισαγωγή, Συστήματα Αρίθμησης, Άλγεβρα BOOLE - Λογικά Κυκλώματα, Μικροεπεξεργαστές, Η Γλώσσα Μηχανής (ASSEMBLY), Επικοινωνία, Συσκευές Επίτευξης Επικοινωνίας, Δίκτυα Επικοινωνίας, Παράρτημα, Βιβλιογραφία. | ||
| 700 | 1 |
_aΤασούλιας Παν. Α _92615 |
|
| 942 | _cBK | ||
| 999 |
_c2010 _d2010 |
||